[Event "San Francisco TNM Winter op"]
[Site "San Francisco"]
[Date "2017.01.17"]
[Round "3"]
[White "Pryor, Jamieson"]
[Black "Malykin, Erika"]
[Result "0-1"]
[WhiteElo "1936"]
[BlackElo "1630"]
[PlyCount "98"]
[EventDate "2017.01.03"]
[EventType "swiss"]
[EventRounds "8"]
[EventCountry "USA"]
[SourceTitle "EXT 2018"]
[Source "ChessBase"]
[SourceDate "2017.10.13"]
[SourceVersion "1"]
[SourceVersionDate "2017.10.13"]
[SourceQuality "1"]

1. d4 Nf6 2. c4 c5 3. d5 d6 4. Nc3 g6 5. Nf3 Bg7 6. g3 0-0 7. Bg2 Bf5 8. Nd2 Qc8 9. h3 Na6 10. e4 Bd7 11. Qc2 Nb4 12. Qb1 Nh5 13. a3 Na6 14. Qc2 f5 15. b3 Nc7 16. Bb2 a6 17. Ne2 Bf6 18. f4 fxe4 19. 0-0-0 b5 20. Rdf1 bxc4 21. bxc4 Rb8 22. Bxf6 Nxf6 23. Nxe4 Nxe4 24. Bxe4 Ne8 25. g4 Ng7 26. Ng3 Qe8 27. f5 Ba4 28. Qg2 Rb3 29. Rf3 Rxf3 30. Qxf3 Bd7 31. Rg1 Qf7 32. Qe3 Qf6 33. fxg6 hxg6 34. Kd2 Qb2+ 35. Bc2 e6 36. Rb1 Qa2 37. Qb3 Qxb3 38. Rxb3 Ba4 39. Re3 Rf2+ 40. Ne2 Bxc2 41. Kxc2 Kf7 42. Kb3 exd5 43. cxd5 Ne8 44. Nc3 Rf4 45. Ne4 Kf8 46. Ng5 Rf1 47. Ne6+ Kf7 48. Ka4 Rd1 49. Nf4 Nc7 0-1

[Event "San Francisco TNM Fall op"]
[Site "San Francisco"]
[Date "2016.11.29"]
[Round "7"]
[White "Shakhnazarov, Oleg"]
[Black "Pryor, Jamieson"]
[Result "1-0"]
[WhiteElo "2150"]
[BlackElo "2032"]
[PlyCount "77"]
[EventDate "2016.10.18"]
[EventType "swiss"]
[EventRounds "9"]
[EventCountry "USA"]
[SourceTitle "EXT 2018"]
[Source "ChessBase"]
[SourceDate "2017.10.13"]
[SourceVersion "1"]
[SourceVersionDate "2017.10.13"]
[SourceQuality "1"]

1. e4 c5 2. Nf3 d6 3. d4 cxd4 4. Nxd4 Nf6 5. Nc3 a6 6. Be2 e5 7. Nb3 Be7 8. g4 h6 9. Be3 Be6 10. Bf3 Nbd7 11. h4 Nb6 12. Rg1 Nc4 13. Bc1 Nd7 14. g5 hxg5 15. hxg5 Rh4 16. g6 f6 17. Nd5 b5 18. a4 bxa4 19. Rxa4 Ndb6 20. Ra2 Bxd5 21. exd5 f5 22. Rh1 Rxh1+ 23. Bxh1 Qd7 24. Qh5 a5 25. Bg2 a4 26. Nd2 0-0-0 27. Nxc4 Nxc4 28. b3 Nb6 29. Be3 axb3 30. cxb3 Kb7 31. Rc2 Ra8 32. Rc6 Ra1+ 33. Kd2 Bd8 34. Kc2 e4 35. Bxb6 Bxb6 36. Qh3 Bd4 37. Bf1 Ra2+ 38. Kd1 Rxf2 39. Bb5 1-0

[Event "San Francisco TNM Fall op"]
[Site "San Francisco"]
[Date "2016.11.22"]
[Round "6"]
[White "Pryor, Jamieson"]
[Black "Poling, Scott"]
[Result "1-0"]
[WhiteElo "2032"]
[BlackElo "1918"]
[PlyCount "43"]
[EventDate "2016.10.18"]
[EventType "swiss"]
[EventRounds "9"]
[EventCountry "USA"]
[SourceTitle "EXT 2018"]
[Source "ChessBase"]
[SourceDate "2017.10.13"]
[SourceVersion "1"]
[SourceVersionDate "2017.10.13"]
[SourceQuality "1"]

1. d4 Nf6 2. c4 e6 3. Nc3 Bb4 4. e3 0-0 5. Bd3 c5 6. Nge2 d5 7. 0-0 dxc4 8. Bxc4 cxd4 9. exd4 Nc6 10. Bf4 a6 11. Bb3 h6 12. Rc1 Bd6 13. Qd2 Na5 14. Rfd1 Nxb3 15. axb3 Nd5 16. Bxd6 Qxd6 17. Ne4 Qb6 18. Nc5 Rd8 19. Nc3 Bd7 20. Nxd5 exd5 21. Rc3 Rac8 22. Nxd7 1-0

[Event "San Francisco TNM Fall op"]
[Site "San Francisco"]
[Date "2016.10.18"]
[Round "1"]
[White "Pryor, Jamieson"]
[Black "Sachs Weintraub, Julian"]
[Result "1-0"]
[WhiteElo "2032"]
[BlackElo "1525"]
[PlyCount "43"]
[EventDate "2016.10.18"]
[EventType "swiss"]
[EventRounds "9"]
[EventCountry "USA"]
[SourceTitle "EXT 2018"]
[Source "ChessBase"]
[SourceDate "2017.10.13"]
[SourceVersion "1"]
[SourceVersionDate "2017.10.13"]
[SourceQuality "1"]

1. d4 d5 2. c4 c6 3. Nc3 dxc4 4. a4 a6 5. e4 e5 6. dxe5 Qxd1+ 7. Kxd1 Be6 8. f4 g6 9. Nf3 Bb4 10. Nd4 Bxc3 11. bxc3 Nd7 12. Nxe6 fxe6 13. Bxc4 Rd8 14. Ke2 Nc5 15. Ke3 Kf7 16. a5 Ne7 17. Ba3 Nd7 18. Rab1 Rb8 19. Rhd1 b5 20. Rxd7 bxc4 21. Rxe7+ Kg8 22. Rxb8# 1-0

[Event "San Francisco TNM Spring op"]
[Site "San Francisco"]
[Date "2013.04.23"]
[Round "6"]
[White "Pryor, Jamieson"]
[Black "Persidsky, Andre"]
[Result "1-0"]
[WhiteElo "2112"]
[BlackElo "1826"]
[PlyCount "73"]
[EventDate "2013.03.19"]
[EventType "swiss"]
[EventRounds "8"]
[EventCountry "USA"]
[SourceTitle "EXT 2016"]
[Source "ChessBase"]
[SourceDate "2015.10.08"]
[SourceVersion "1"]
[SourceVersionDate "2015.10.08"]
[SourceQuality "1"]

1. d4 d5 2. c4 e6 3. Nc3 Nf6 4. Bf4 Bd6 5. Bg5 c6 6. e3 Nbd7 7. Nf3 0-0 8. Rc1 b6 9. cxd5 cxd5 10. Be2 Bb7 11. 0-0 Rc8 12. Qb3 Qe7 13. a4 h6 14. Bh4 a6 15. Rfd1 Rc7 16. Ne5 Nxe5 17. dxe5 Bxe5 18. Qxb6 Rc6 19. Qb3 Rfc8 20. Na2 g5 21. Bg3 Bxg3 22. hxg3 Ne4 23. Rxc6 Rxc6 24. a5 Qc7 25. Qa3 Rc2 26. Re1 Nxg3 27. Bd1 Rd2 28. Qb4 Ne4 29. Bf3 Rc2 30. Bxe4 dxe4 31. Nc3 Bd5 32. Rd1 Qe5 33. g3 h5 34. Qa4 Qf5 35. Qxc2 h4 36. Ne2 h3 37. Nd4 1-0

[Event "San Francisco TNM Spring op"]
[Site "San Francisco"]
[Date "2013.04.02"]
[Round "3"]
[White "Pryor, Jamieson"]
[Black "Chernobilskiy, Mikhail"]
[Result "1-0"]
[WhiteElo "2112"]
[BlackElo "1864"]
[PlyCount "67"]
[EventDate "2013.03.19"]
[EventType "swiss"]
[EventRounds "8"]
[EventCountry "USA"]
[SourceTitle "EXT 2016"]
[Source "ChessBase"]
[SourceDate "2015.10.08"]
[SourceVersion "1"]
[SourceVersionDate "2015.10.08"]
[SourceQuality "1"]

1. d4 Nf6 2. c4 e6 3. Nc3 Bb4 4. Qc2 0-0 5. a3 Bxc3+ 6. Qxc3 b6 7. Bg5 Bb7 8. f3 Na6 9. e4 Nxe4 10. Bxd8 Nxc3 11. Bh4 Na4 12. b3 Nb2 13. Ra2 Nxc4 14. Bxc4 d5 15. Bd3 c5 16. Ne2 Rac8 17. Kd2 f6 18. Rc1 Kf7 19. Rac2 cxd4 20. Bxa6 Bxa6 21. Rc7+ Kg6 22. Nxd4 e5 23. Rxc8 Bxc8 24. Nc6 Be6 25. Nxa7 Kh5 26. Be1 d4 27. b4 Bd5 28. Rc7 e4 29. fxe4 Bxe4 30. Rxg7 Re8 31. Nb5 Rd8 32. Bf2 d3 33. Nc3 Bg6 34. Bxb6 1-0

[Event "Kitchener Winter op"]
[Site "Kitchener"]
[Date "2008.02.17"]
[Round "5"]
[White "Yuan, Yuanling"]
[Black "Pryor, Jamieson"]
[Result "1-0"]
[WhiteElo "2194"]
[BlackElo "1827"]
[PlyCount "59"]
[EventDate "2008.02.15"]
[EventType "swiss"]
[EventRounds "5"]
[EventCountry "CAN"]
[SourceTitle "EXT 2011"]
[Source "ChessBase"]
[SourceDate "2010.11.26"]
[SourceVersion "1"]
[SourceVersionDate "2010.11.26"]
[SourceQuality "1"]

1. e4 c5 2. Nf3 d6 3. d4 cxd4 4. Nxd4 Nf6 5. Nc3 g6 6. Be3 Bg7 7. f3 0-0 8. Qd2 Nc6 9. Bc4 Bd7 10. h4 h5 11. 0-0-0 Rc8 12. Bb3 Ne5 13. Bg5 Nc4 14. Qd3 Ne5 15. Qe2 Qa5 16. Kb1 Rfe8 17. Rhe1 a6 18. f4 Bg4 19. Nf3 Ned7 20. e5 Nh7 21. e6 Nxg5 22. exd7 Bxd7 23. Nxg5 Rxc3 24. Bxf7+ Kh8 25. Bxg6 Bg4 26. Qe4 Bxd1 27. Rxd1 Rec8 28. Bf7 Qxg5 29. hxg5 Rxc2 30. Qxc2 1-0

[Event "Guelph Winter Pro Am"]
[Site "Guelph"]
[Date "2008.02.02"]
[Round "4"]
[White "Orlova, Yelizaveta"]
[Black "Pryor, Jamieson"]
[Result "0-1"]
[WhiteElo "1892"]
[BlackElo "1769"]
[PlyCount "56"]
[EventDate "2008.02.02"]
[EventType "swiss"]
[EventRounds "5"]
[EventCountry "CAN"]
[SourceTitle "EXT 2011"]
[Source "ChessBase"]
[SourceDate "2010.11.26"]
[SourceVersion "1"]
[SourceVersionDate "2010.11.26"]
[SourceQuality "1"]

1. d4 d5 2. Nf3 Nf6 3. e3 e6 4. b3 c5 5. Bb2 Nc6 6. Nbd2 cxd4 7. exd4 Bd6 8. a3 0-0 9. Bd3 Re8 10. Ne5 Ne7 11. 0-0 Ng6 12. f4 Nd7 13. Qf3 a6 14. Kh1 b6 15. Nxf7 Kxf7 16. f5 Nf4 17. fxe6+ Kg8 18. exd7 Bxd7 19. g3 Nxd3 20. Qxd3 Qc7 21. Nf3 Bb5 22. Qf5 Bxf1 23. Rxf1 Rf8 24. Qxd5+ Kh8 25. c4 Bxg3 26. hxg3 Qxg3 27. Nh2 Qh3 28. Rg1 Ra7 0-1